World Peace (Record no. 21130)

MARC details
000 -LEADER
fixed length control field 00290nam a22001337a 4500
020 ## - INTERNATIONAL STANDARD BOOK NUMBER
ISBN 8170522110
082 ## - DEWEY DECIMAL CLASSIFICATION NUMBER
Classification number 303.66 SIV
100 ## - MAIN ENTRY--AUTHOR NAME
Author name Sivananda, Swami
245 ## - TITLE STATEMENT
Title World Peace
260 ## - PUBLICATION, DISTRIBUTION, ETC. (IMPRINT)
Place of publication Uttarakhand
Name of publisher The Divine Life Society
Year of publication 1957
300 ## - PHYSICAL DESCRIPTION
Number of Pages 167
650 ## - SUBJECT ADDED ENTRY--TOPICAL TERM
Topical Term Peace
942 ## - ADDED ENTRY ELEMENTS (KOHA)
Koha item type Books
Holdings
Home library Current library Shelving location Date acquired Full call number Accession Number Koha item type
Henry Martyn Institute Library Henry Martyn Institute Library General stacks 06/20/2018 303.66 SIV 11-3135 Books
                   Copyright © 2026 | Henry Martyn Institute | Hyderabad | TS-500052 | INDIA | Implemented by hmi.edu.in
Hit-Count:

Powered by Koha